000
00355nam a2200157Ia 4500
008
221030s9999 xx 000 0 und d
041
_a
English
082
_a
105.23
_b
Seh
100
_a
J. M. Sehgal
245
0
_a
Chemistry XII
260
_b
S. Chand & Co.
_a
New Delhi
_c
1985
300
_a
183
650
_a
Chemistry
700
_a
S. Mahajan
942
_c
BK
999
_c
356
_d
356